000 00224 a2200097 4500
001 47686
100 _aScholes P
245 _aThe listeners guide to music
260 _aLondon
_bOxford university
_c
090 _c30692
_d30692
942 _aNUST-CAE
_cM
_c22994
999 _c282759
_d282759